Získavanie a rozvoj zamestnancov na manažérskych pozíciách v podnikoch krajín integrovanej Európy

Salvato in:
Dettagli Bibliografici
Autore principale: Zúbriková, Darina
Altri autori: Blštáková, Jana, 1980-
Natura: Capitolo di libro
Lingua:slovacco
inglese
Tags: Aggiungi Tag
Nessun Tag, puoi essere il primo ad aggiungerne!!

MARC

LEADER 00000naa$a2200000$$$4500
001 0060926
005 20240502083145.9
041 0 |a slo 
041 0 |a eng 
044 |a CZ 
245 1 0 |a Získavanie a rozvoj zamestnancov na manažérskych pozíciách v podnikoch krajín integrovanej Európy 
100 1 |a Zúbriková, Darina 
700 1 |a Blštáková, Jana, 1980-